Aprender a aprender Hb̀itos, mťodos, estrategias y tčnicas de estudio: gua̕ para el aprendizaje significativo /

Bibliographic Details
Main Author: Garca̕ Len̤, Francisco V.
Other Authors: Mendoza Montoya, Jšsica E., Fernǹdez Saucedo, Narciso
Format: eBook
Language:Spanish
Published: Bogot:̀ Ediciones de la U, 2018
Subjects:
Online Access:Acceso restringido

MARC

LEADER 00000nam a22000007a 4500
005 20210618011845.0
007 cr|||| ||||
008 210618s2018 co |||||s|||| 00||0 spa d
020 |a 978-958-762-912-5 
035 |a 33437 
040 |a vLex 
090 |c 11819  |d 11819 
100 1 |a Garca̕ Len̤, Francisco V. 
245 1 0 |a Aprender a aprender  |h [Recurso electrn̤ico] :  |b Hb̀itos, mťodos, estrategias y tčnicas de estudio: gua̕ para el aprendizaje significativo /  |c Francisco V. Garca̕ Len̤, Jšsica E. Mendoza Montoya, Narciso Fernǹdez Saucedo 
256 |a Servicio en ln̕ea 
260 |a Bogot:̀  |b Ediciones de la U,  |c 2018 
300 |a 1 recurso electrn̤ico 
500 |a En la sociedad del conocimiento y de las tecnologa̕s de la informacin̤, el docente que acta︢ sin conocer ni aplicar los principios neuropsicopedagg̤icos de la enseąnza-aprendizaje camina por la oscuridad pedagg̤ica. Igual sucede con el estudiante que no desarrolla la capacidad ni la competencia para aprender a aprender; sin embargo, docentes y estudiantes pueden ver la luz de la sabidura̕ combinando conocimiento y prc̀tica, adems̀ de formar hb̀itos de estudio desde bases cerebrales con la inclusin̤ de mťodos, estrategias y tčnicas adecuados, que permitan el ahorro de tiempo y esfuerzo, condicin̤ necesaria para que el estudiante alcance el desarrollo personal y social con x̌ito, mediante la planificacin̤ previa al desarrollo de sus actividades acadm̌icas. 
506 1 |a Disponible solo en los productos indicados  |d vLex Global  |d vLex Global (Academic Edition, excluding Law Schools)  |d vLex Global (U.S. Academic Edition, Law Schools)  |d vLex Global (U.S. Academic Edition, excluding Law Schools)  |d vLex Global (Academic Edition, Law Schools) 
650 0 4 |a Educacin̤  |z Colombia 
700 1 |a Mendoza Montoya, Jšsica E. 
700 1 |a Fernǹdez Saucedo, Narciso 
740 0 |a vLex Libros (Servicio en ln̕ea) 
856 4 0 |u https://vlex.com/source/aprender-a-aprender-habitos-metodos-estrategias-y-tecnicas-de-estudio-guia-para-el-aprendizaje-significativo-33437  |z Acceso restringido 
942 |c BOOK 
999 0 |a Education